حظك اليوم / (Record no. 27432)

MARC details
000 -الفاتح
حقل البيانات ثابتة الطول 01238nam a22002295a 4500
003 - محدد رقم الضبط
رقم الضبط EG-ScBUE
005 - وقت وتاريخ اخر تعامل مع التسجيلة
رقم الضبط 20190505113049.0
008 - عناصر البيانات ثابتة الطول - معلومات عامة
حقل البيانات ثابتة الطول 190505s2017 ua fr 000 f ara d
017 ## - رقم الإيداع القانونى
رقم الإيداع القانونى 2017 / 8990
020 ## - الرقم الدولى المعيارى للكتب
الرقم الدولى المعيارى للكتاب 9789778200164
040 ## - مصدر الفهرسة
وكالة الفهرسة الأصلية EG-ScBUE
لغة الفهرسة ara
وكالة النسخ EG-ScBUE
وكالة التعديل EG-ScBUE
082 04 - رقم تصنيف ديوى العشرى
رقم التصنيف 892.736
رقم المادة ت و ف
رقم الطبعة 22
100 1# - المدخل الرئيسى - إسم شخصى
الإسم الشخصى توفيق، أحمد خالد،
التواريخ المصاحبة للاسم 1962-2018.
245 10 - بيان العنوان
العنوان حظك اليوم /
بيان المسئوليه,etc تأليف أحمد خالد توفيق.
260 ## - PUBLICATION, DISTRIBUTION, ETC. (IMPRINT)
مكان الناشر او الموزع الجيزة، مصر :
اسم الناشر او الموزع كيان للنشر والتوزيع،
تاريخ النشر أو التوزيع 2017.
300 ## - الوصف المادى
التعداد 128 ص. ؛
أبعاد الوعاء 22 سم.
520 ## - التبصرة الخاصة بالتعليق أو التلخيص
ملخص,الخ - اثنا عشر برجاً اثنتا عشرة طريقة للموت ولعنة تطاردك في كل صوب تمر بالأطوار المعتادة : في البداية أنت لا تعرف ... بعد هذا أنت لا تلاحظ ... ثم تلاحظ فلا تصدق ... ثم تصدق فلا تعرف ما ينبغى عمله. يقول الغربيون أنك لا يمكن أن تكون حذراً اكثر من اللازم. وهذه القصص تطبيق عملي صادق لصحة هذه المقولة.
650 #7 - المدخل الاضافى بالموضوع-مصطلح موضوعى
مصطلح موضوعي أو اسم جغرافي كعنصر مدخل القصص العربية
التقسيم الفرعي الزمني قرن 21.
مصدر الرأس أو المصطلح BUEsh
651 ## - المدخل الاضافى بالموضوع - اسم جغرافى
مصدر الرأس أو المصطلح BUEsh
653 ## - مصطلح تكشيفى غير مقيد
Resource For college Arabic Literature
-- Generalities
Arrived date list May2019
942 ## - عناصر المدخل الإضافي( كوها)
مصدر التصنيف او مخطط الترفيف Dewey Decimal Classification
Holdings
حالة التراجع حالة الفقد مصدر التصنيف او خطة الترفيف حالة تلف ليس للاعارة مجموعات كوها المكان الدائم المكان الحالي موقع الترفيف تاريخ الاكتساب Source of acquisition سعر الشراء الطبيعي تعداد مسلسل / التسلسل الزمني رقم الاستدعاء الباركود Date last checked out Date last seen مُعار التكلفة نوع الوعاء
    Dewey Decimal Classification     Alahram Central Library Central Library Second Floor 05/05/2019 Purchase 35.00 529 892.736 ت و ف 000044635 06/12/2021 22/11/2021 22/11/2021 43.75 Book - Borrowing